000 01425 a2200217 4500
001 25032
005 20260407155534.0
008 260407a1968 arg spa d
003 AR-UNSa-BCEJYS
040 _aAR-UNSa-BCEJYS
_bspa
_cAR-UNSa-BCEJYS
080 _a519.21
_xTeoría de probabilidades y procesos estocásticos
245 1 0 _aElementos de la teoría de probabilidades y algunas de sus aplicaciones
250 _a6a. ed
264 1 _aMadrid :
_bAguilar
_c1968
300 _a321 p.
_c22 cm.
505 _aParte I : Fundamentos : 1. Introducción histórica - 2. Definición de probabilidad matemática - 3. Reglas elementales del cálculo de probabilidad - 4. Algunas aplicaciones de los teoremas fundamentales - Parte II : Variables aleatorias y distribuciones de probabilidad : 5. Variables y distribuciones e una dimensión - 6. La distribución binomial y otras distribuciones análogas - 7. La distribución normal - Otras distribuciones continuas - 9. Variables y distribuciones en dos dimensiones - 10. Variables y distribuciones en más de dos dimensiones - Parte III : Aplicaciones : 11. Introducción - 12. Tratamiento descriptivo de un material estadístico - 13. Distribuciones en el muestreo - 14. Problemas de inferencia estadística - 15. La dócima - 16. Otras aplicaciones.
942 _cBK
590 _aniveau_biblio:m niveau_hierar:0
100 1 _aCramér, Harald
700 1 _aCalleja, Anselmo
999 _c1276
_d1276